[Event "EU Union-ch 6th"]
[Site "Arvier"]
[Date "2010.09.12"]
[Round "9"]
[White "Ricci, Massimo"]
[Black "Melone, Antonio"]
[Result "0-1"]
[WhiteElo "1746"]
[BlackElo "2016"]
[PlyCount "66"]
[EventDate "2010.09.04"]
[EventType "swiss"]
[EventRounds "9"]
[EventCountry "ITA"]
[SourceTitle "CBM 138 Extra"]
[Source "ChessBase"]
[SourceDate "2010.10.29"]
[SourceVersion "1"]
[SourceVersionDate "2010.10.29"]
[SourceQuality "1"]

1. e4 c6 2. d4 d5 3. Nd2 dxe4 4. Nxe4 Nd7 5. Nf3 e6 6. Bd3 Ngf6 7. Nxf6+ Nxf6 8. 0-0 Bd6 9. Bg5 b6 10. Ne5 Bb7 11. Qe2 Qc7 12. f4 0-0-0 13. f5 c5 14. fxe6 fxe6 15. Bxf6 gxf6 16. Rxf6 cxd4 17. Rf7 Qc5 18. Rxb7 Kxb7 19. Nf7 Qc7 20. Nxd8+ Rxd8 21. h3 Qg7 22. Rf1 Qg3 23. Qe4+ Kb8 24. Rf7 Bc7 25. Rf3 Qh2+ 26. Kf1 Bg3 27. Ba6 Qh1+ 28. Ke2 d3+ 29. Rxd3 Qe1+ 30. Kf3 Qf2+ 31. Kg4 Rg8+ 32. Kh5 Qf7+ 33. Kh6 Qg7+ 0-1